00440nam a22001577a 4500008004100000020001800041082001500059100001700074245004800091250001200139260004400151300001500195650002300210650002600233650002300259220228b ||||| |||| 00| 0 eng d a978812034592800a519.4bSAS aSastry, S.S. a Introductory methods of numerical analysis a5th Ed. aNew DelhibPHI Learning Pvt. Ltd.c2021 axiv, 450p. aNumerical analysis aSolution of algebraic aNumerical solution